LEADER 01087nam a2200265 4500 001 000000350813 003 CaOOAMICUS 005 20220706122428.0 008 220706s2020 xxka 000 u eng r 020 $a978-1-78607-839-1 040 $aSeMil$bita 100 1 $aBrown, Jonathan Andrew Cleveland,$d<1977- >.$0(OLS)http://semarc/name/112616 245 10$aSlavery and Islam /$cJonathan A.C. Brown. 246 0 $aSlavery & islam 264 3$aLondon :$bOneworld,$c2020. 300 $aXVI, 430 p., [2] c. di tav. :$bill. ;$c23 cm 650 4$aSchiavitù - Concezione islamica.$0(OLS)http://semarc/subject/52599 850 $aSeMil 852 $aSeMil$W1$xVenegono$y1$m2R VI 25$j234063$B241855$CSeMilBibl$Z2$F241855 $81 961 $aPerego don Stefano - Omaggio 996 $6020$a978-1-78607-839-1$9(OLS)http://semarc/number/296258 996 $6245$aSlavery and Islam$9(OLS)http://semarc/title/440629 996 $6246$aSlavery & islam$9(OLS)http://semarc/title/440628 996 $6264$aLondon :$bOneworld$9(OLS)http://semarc/publisher/59632 LEADER 01237nam a2200217 i 4500 001 000000075488 003 CaOOAMICUS 005 20100318000000.0 008 100318s1975 gw u000 u ger u 013 $a46660 040 $aSeMil$bita 100 1 $aRing, Thomas Gerhard,$c.$0(OLS)http://semarc/name/37271 245 10$aAuctoritas bei Tertullian, Cyprian und Ambrosius /$cVon Thomas Gerhard Ring. 260 $aWürzburg :$bAugustinus Verlag,$c1975. 300 $aXVI, 269 p. ;$c23 cm. 490 0 $aCassiciacum : eine Sammlung wissenschaftlicher Forschungen über den hl. Augustinus und den Augustinerorden, sowie wissenschaftlicher Arbeiten von Augustinern aus anderen Wissensgebieten ;$vBand29. 830 0$aCassiciacum : eine Sammlung wissenschaftlicher Forschungen über den hl. Augustinus und den Augustinerorden, sowie wissenschaftlicher Arbeiten von Augustinern aus anderen Wissensgebieten ;$vBand29.$0(OLS)http://semarc/title/29296 850 $aSeMil 852 $aSeMil$W1$xVenegono$y1$m2T II 205$j41640$B41640$CSeMilBibl$Z2$F41644 $81 996 $6245$aAuctoritas bei Tertullian, Cyprian und Ambrosius$9(OLS)http://semarc/title/122435 996 $6260$aWürzburg :$bAugustinus Verlag$9(OLS)http://semarc/publisher/35845